|
|
|
|
| LEADER |
00000nab a2200000 a 4500 |
| 001 |
vtls008160345 |
| 003 |
SK-MaSNL |
| 005 |
20260303074539.0 |
| 008 |
150420c2004 xo mr|p|||||||000 b|slo |
| 015 |
|
|
|a SNBRB2005/06
|2 snkbucl
|
| 038 |
|
|
|a SNKBUCL
|
| 040 |
|
|
|a SNKBUCL
|b slo
|c SNKBUCL
|e AACR2
|
| 041 |
|
|
|a slo
|a eng
|
| 044 |
|
|
|a xo
|c SK
|
| 080 |
|
|
|a 1:070
|x (437.6)
|2 1997
|
| 080 |
|
|
|a 070:1
|x (437.6)
|2 1997
|
| 100 |
1 |
|
|a Abrahám, Samuel,
|d 1960-
|4 aut
|9 78899
|
| 245 |
1 |
0 |
|a Na úvod: Brock, Gregor a Dennett
|c Samuel Abrahám
|
| 246 |
3 |
1 |
|a Editorial: Brock, Gregor and Dennett
|
| 500 |
|
|
|a Súbežný názov a text angl.
|
| 630 |
0 |
7 |
|a Kritika & Kontext (časopis)
|y 2004
|x č. 2-3
|2 snkbucl
|9 1077795
|
| 773 |
0 |
|
|t Kritika & Kontext
|g Roč. IX, č. 2-3 (2004), s. 2-7
|x 1335-1710
|
| 852 |
|
|
|a SNK
|b KIS3GCP
|
| 999 |
|
|
|c 1772021
|d 1773951
|